000 00650nam a2200241Ia 4500
003 OSt
005 20220928113555.0
006 a|||||r|||| 00| 0
007 ta
008 220927b |||||||| |||| 00| 0 eng d
024 _a42565
037 _cTextual
040 _aSDCL
_cSDCL
_beng
041 _2eng
_aeng
082 _aXM8:8, N5
100 _aHakes Chris
_9433896
245 0 _aCorporate self assessment
_b Handbook for measuring business excellence
250 _a2
260 _aLondon
_bChapman & Hall
_c1995
300 _avii,205p
_ccm.
942 _hXM8:8, N5
_cTEXL
_2CC
999 _c750303
_d750303